Top 100 Premier League Goalscorers of All Time - Statistics

General Stats
  • This quiz has been taken 4,124 times
    2,456 since last reset
  • The average score is 55 of 100
Answer Stats
Rank Player Nationality Goals % Correct
5 Mohamed Salah 186
98%
2 Harry Kane 213
97%
1 Alan Shearer 260
96%
6 Sergio Agüero 184
95%
8 Thierry Henry 175
95%
3 Wayne Rooney 208
95%
33 Cristiano Ronaldo 103
93%
17 Heung-min Son 127
92%
50 Erling Haaland 85
90%
7 Frank Lampard 177
90%
32 Didier Drogba 104
88%
25 Sadio Mané 111
88%
23 Steven Gerrard 120
86%
15 Robin van Persie 144
85%
4 Andrew Cole 187
83%
69 Kevin De Bruyne 72
83%
73 Luis Suárez 69
82%
22 Romelu Lukaku 121
82%
28 Ryan Giggs 109
82%
52 Eden Hazard 85
80%
18 Robbie Keane 126
80%
30 Paul Scholes 107
79%
58 Riyad Mahrez 82
78%
36 Ruud van Nistelrooy 95
78%
11 Michael Owen 150
75%
21 Raheem Sterling 123
75%
74 Pierre-Emerick Aubameyang 69
74%
57 Roberto Firmino 82
74%
14 Jamie Vardy 145
73%
38 Dimitar Berbatov 94
72%
83 Alexis Sánchez 63
71%
51 Fernando Torres 85
71%
20 Dwight Yorke 123
70%
48 Dennis Bergkamp 87
68%
93 David Silva 60
67%
10 Jermain Defoe 162
67%
29 Peter Crouch 108
65%
54 Carlos Tévez 84
64%
9 Robbie Fowler 163
64%
41 Ole Gunnar Solskjær 91
62%
13 Teddy Sheringham 146
62%
19 Nicolas Anelka 125
61%
44 Chris Wood 89
60%
35 Emmanuel Adebayor 97
60%
43 Olivier Giroud 90
60%
91 David Beckham 62
59%
24 Ian Wright 113
59%
45 Marcus Rashford 89
55%
88 Bruno Fernandes 62
54%
31 Darren Bent 106
54%
16 Jimmy Floyd Hasselbaink 127
54%
98 Clint Dempsey 57
53%
72 Éric Cantona 70
52%
65 Gabriel Jesus 76
52%
95 Gianfranco Zola 59
52%
90 Yaya Touré 62
52%
89 Robert Pirès 62
51%
12 Les Ferdinand 149
50%
92 Phil Foden 61
48%
64 Daniel Sturridge 76
46%
79 Gylfi Sigurðsson 67
46%
34 Matthew Le Tissier 100
45%
76 Michail Antonio 68
45%
27 Emile Heskey 110
43%
100 Harry Kewell 57
43%
66 Ollie Watkins 75
43%
39 Mark Viduka 92
42%
94 Raúl Jiménez 56
41%
49 Christian Benteke 86
40%
63 Danny Welbeck 77
40%
40 Kevin Phillips 92
40%
85 Anthony Martial 63
39%
84 Diogo Jota 57
39%
60 Theo Walcott 80
38%
26 Dion Dublin 111
37%
46 Callum Wilson 88
35%
53 Louis Saha 85
34%
37 Yakubu Ayegbeni 95
34%
78 Wilfried Zaha 68
33%
55 Chris Sutton 83
31%
82 Mark Hughes 64
31%
81 Richarlison 60
31%
59 Craig Bellamy 81
30%
77 Duncan Ferguson 68
29%
80 Paolo Di Canio 66
28%
68 Danny Ings 72
27%
99 Dominic Calvert-Lewin 57
27%
61 Gary Speed 80
27%
67 Gabriel Agbonlahor 74
25%
47 Kevin Davies 88
21%
56 Kevin Campbell 83
20%
75 Kevin Nolan 69
19%
42 James Beattie 91
18%
96 Niall Quinn 59
16%
87 Stan Collymore 62
15%
70 Chris Armstrong 71
14%
97 Peter Beardsley 58
13%
71 Brian Deane 71
11%
62 Tony Cottee 78
10%
86 Dean Holdsworth 63
7%
No matching quizzes found
Score Distribution
Percent of People with Each Score
Percentile by Number Answered
Your Score History
You have not taken this quiz since the last reset